Teodora y el emperador : (Record no. 6554)

000 -CABECERA
fixed length control field 00907nam a22002417a 4500
003 - IDENTIFICADOR DEL NÚMERO DE CONTROL
control field AR-CdUCM
008 - DATOS DE LONGITUD FIJA--INFORMACIÓN GENERAL
fixed length control field 190318b ||||| |||| 00| 0 spa d
040 ## - FUENTE DE LA CATALOGACIÓN
Agencia/entidad que catalogó originalmente la obra MUNICIPALIDAD PROVINCIAL DEL CUSCO
Entidad que transcribió la catalogación BIBLIOTECA MUNICIPAL DEL CUSCO
082 ## - NÚMERO DE LA CLASIFICACIÓN DECIMAL DEWEY
No. de la edición 2ed.
No. de Clasificación 818.5 /
Notacion interna L21
100 ## - ENTRADA PRINCIPAL--NOMBRE DE PERSONA
Nombre Personal Lamb, Harold
245 ## - MENCIÓN DE TÍTULO
Título Teodora y el emperador :
Resto del título El drama de Justiniano /
260 ## - PUBLICACIÓN, DISTRIBUCIÓN, ETC.
Lugar de publicación, distribución, etc. México, D.F :
Nombre de la editorial, distribuidor, etc. Grijalbo,
Fecha de publicación, distribución, etc. 1959.
300 ## - DESCRIPCIÓN FÍSICA
Nº de Páginas Extensión 309 paginas ;
Dimensiones 21 cm.
440 ## - MENCIÓN DE SERIE/PUNTO DE ACCESO ADICIONAL--TÍTULO
Título Grandes Figuras Historicas
9 (RLIN) 18328
505 ## - NOTA DE CONTENIDO CON FORMATO
Nota de contenido formateada Contenido :El palacio junto al circo --La casa de Teodora --Revuelta --Recuperación de un Imperio --Guerra por todo el mundo --Justiniano, el redentor y demonio ...
650 ## - PUNTO DE ACCESO ADICIONAL DE MATERIA--TÉRMINO DE MATERIA
Descriptor Novelas estadounidenses
9 (RLIN) 734
650 ## - PUNTO DE ACCESO ADICIONAL DE MATERIA--TÉRMINO DE MATERIA
Descriptor Imperio bizantino
9 (RLIN) 18499
650 ## - PUNTO DE ACCESO ADICIONAL DE MATERIA--TÉRMINO DE MATERIA
Descriptor Siglo XX
9 (RLIN) 8
700 ## - PUNTO DE ACCESO ADICIONAL--NOMBRE DE PERSONA
Nombre Personal Rafael Cortes de Rosal (traductor)
9 (RLIN) 18500
942 ## - ELEMENTOS DE PUNTO DE ACCESO ADICIONAL (KOHA)
Fuente de clasificación
Tipo de item Libros-BMC
945 ## - PROCESAMIENTO DE INFORMACIÓN LOCAL (OCLC)
Catalogador rjall
Holdings
Estado de retiro (separado) Fuente de clasificación o esquema de estanterías Estado dañado Ubicación Sala donde se ubica Nombre de la colección Fecha de adquisición o compra Costo, precio normal en soles Signatura topográfica Código de Barras Última vez visto (Koha) Tipo de ítem (Koha)
No     Sala Humanidades Sala Humanidades Book Cart 2019-03-18 45.00 818.5 / L21 SH0000007348 2019-03-18 Libros-BMC

Powered by Koha